000 00804nam a22002057a 4500
999 _c16492
_d16492
003 AR-CdUCM
008 190503b ||||| |||| 00| 0 spa d
040 _aMUNICIPALIDAD PROVINCIAL DEL CUSCO
_cBIBLIOTECA MUNICIPAL DEL CUSCO
082 _a345.7 /
_bB715
100 _aBonilla, F.
_935964
245 _aCódigo de procedimientos civiles :
_banotado y concordado, actualizado con decretos modificatorios y conexos /
260 _aLima :
_bMercurio,
_c1987.
300 _a257 páginas ;
_c20 cm.
505 _aContenido: Disposiciones aplicables a todo procedimiento -- Juciocios -- Procedimientos no contenciosos -- Operaciones finales...
650 _aDerecho procesal civil
_927080
650 _aLegislación
_92962
650 _aAbogados
_910136
942 _2ddc
_cLIBROS
945 _adavv
_d03/05/2019